000 01948cam a22004694i 4500
003 PE-LiUPU
005 20250731173302.0
008 150625s1999 sp a rb 000 0 spa d
020 _a8481692697
035 _a(Sirsi) i9788481692693
040 _aPE-LiUPU
_bspa
_cPE-LiUPU
_erda
049 _aPRUA
082 0 4 _a225.066
_bO27
_221
100 1 _aO'Callaghan, Josep,
_eautor.
245 1 0 _aIntroducción a la crítica textual del Nuevo Testamento /
_cJosep O'Callaghan.
264 1 _aEstella (Navarra), España :
_bVerbo Divino,
_c1999.
300 _a145 páginas :
_bilustraciones ;
_c21 centímetros.
336 _atext
_2rdacontent
337 _aunmediated
_2rdamedia
338 _avolume
_2rdacarrier
490 0 _aInstrumentos para el estudio de la Biblia ;
_vIII
504 _aIncluye referencias bibliográficas.
505 0 _aSiglas -- Cuestiones paleográficas -- Testigos del texto neotestamentario -- Clasificación de los manuscritos del Nuevo Testamento -- Tipos textuales del Nuevo Testamento -- Principios de crítica textual -- El griego del Nuevo Testamento -- El estudio del texto neotestamentario -- Discusión práctica de variantes -- Epilogo.
526 _aSEG42
526 _aSEG41
526 _aSEG40
526 _aSEG39
526 _aP94
526 _aP87
526 _aP86
526 _aP85
526 _aP77
526 _aP76
526 _aP35
541 _g007-0003334;
630 _aBiblia.
_pN.T.
_xCrítica, interpretación, etc.
942 _2ddc
_cBOOK
949 _a225.066 O27
_wDEWEY
_c1
_i55493
_lCCODEBUL1
_mBUL
_p19.00
_r0
_sY
_tBOOK
_u2015-6-25
_xTEOLOGIA
_zUNKNOWN
_0COMPRA
_o.STAFF. Colección General
994 _aC0
_bPEPRU
596 _a1
999 _a225.066 O27
_wDEWEY
_c44386
_i55493
_d44386
_e2017-7-11
_f2021-11-9
_g5
_lCCODEBUL1
_mBUL
_n3
_p19.00
_q1
_r0
_sY
_tBOOK
_u2015-6-25
_xTEOLOGIA
_PP35
_0COMPRA
_o.STAFF. Colección Teología
980 _81
_gALBERTO SANCHEZ Responsable de Automatización